000 01254cam a22003617a 4500
003 CHAP
005 20220329132949.0
008 971013s1989 mx r 00010 spa d
010 _a730
011 _a1702
035 _a878
040 _cCHAP
090 _aTesis
100 0 0 _aVásquez Unda, Roberto.
_9120271
245 1 0 _aBiología y control de Dandroctonus adjunctus Bif. (Col. Scolytidae) pueblos mancomunados, Ixtlán, Oaxaca
260 _aChapingo, Méx. :
_bEl autor,
_c1989
300 _a73 h.
502 _aTesis (Ing. Agr. Esp. en Bosques. División de Ciencias Forestales) -- UACH. División de Ciencias Forestales
590 _aALEPH
_b10
_c20130110
_lUCH01
_h1206
590 _aBATCH-UPD
_b10
_c20130110
_lUCH01
_h1751
590 _aBATCH-UPD
_b10
_c20130410
_lUCH01
_h1129
590 _aBATCH-UPD
_b10
_c20130914
_lUCH01
_h1142
590 _aCONVERSION
_b10
_c20130109
_lUCH01
_h1302
650 1 4 _aDendroctonus adjunctus.
_931771
650 1 4 _aInsectos
_xBiología.
_958897
650 1 4 _aPináceas
_xOaxaca.
_988256
650 1 4 _aPináceas
_xPlagas.
_988257
650 1 4 _aPinus rudis.
_988364
901 _aBK
942 _cFOLL
949 _bBC
_cTES
_d-10337
_eTS1
_h22654
_i878
_si
949 _bBC
_cTES
_d33724000693677
_eTS2
_fc.2
_h22655
_i878
_si
999 _c730
_d730